Normal view
MARC view
- TCC-19 / TE-44
Entry Geographic Name
001 - CONTROL NUMBER
- control field: 131477
003 - CONTROL NUMBER IDENTIFIER
- control field: NUST
005 - DATE AND TIME OF LATEST TRANSACTION
- control field: 20251023131147.0
008 - FIXED-LENGTH DATA ELEMENTS
- fixed length control field: 251023|| aca||aabn | a|a d
040 ## - CATALOGING SOURCE
- Original cataloging agency: NUST
- Transcribing agency: NUST
151 ## - HEADING--GEOGRAPHIC NAME
- Geographic name: TCC-19 / TE-44
670 ## - SOURCE DATA FOUND
- Source citation: Work cat.: (NUST)188986: Nawaz, Capt. Qasim (TCC-19/TE-44) 131476, Computer Controlled Tunable Micro strip Patch Antenna /, July 2011
